On line adaptive control of a multivariable fermentation process /
Saved in:
| Main Author: | |
|---|---|
| Format: | Thesis Book |
| Language: | English |
| Published: |
1982
|
| Subjects: | |
| Tags: |
Add Tag
No Tags, Be the first to tag this record!
|
| LEADER | 00795cam a2200253 4500 | ||
|---|---|---|---|
| 001 | u47074 | ||
| 003 | SIRSI | ||
| 008 | 851011s1982 uk v eng | ||
| 015 | |a X850008069 | ||
| 035 | |a AAF-0712 | ||
| 040 | |a UMM | ||
| 050 | 0 | |a TP156.F4 | |
| 090 | 0 | 0 | |a TP156 |b F4You |
| 100 | 1 | 0 | |a Yousefpour, P. L. |
| 245 | 1 | 0 | |a On line adaptive control of a multivariable fermentation process / |c by P.L. Yousefpour |
| 260 | |c 1982 | ||
| 300 | |a xi, 221, xxv leave : |b ill. ; |c 26cm | ||
| 502 | |a Thesis (Ph.D.) - Liverpool Polytechnic, 1982 | ||
| 504 | 0 | 0 | |a Includes bibliographies |
| 650 | 0 | |a Fermentation |x Data processing | |
| 650 | 0 | |a Computer simulation | |
| 948 | |a 16/03/1991 |b 14/08/2002 | ||
| 596 | |a 1 | ||
| 999 | |a TP156 F4YOU |w LC |c 1 |i A002923064 |d 24/11/1999 |l STACKS |m P01UTAMA |n 1 |r Y |s Y |t TESIS |u 17/3/1992 | ||
